000 00842nam a2200241Ia 4500
001 61170352
003 OCoLC
005 20220930112311.0
008 050729t20041927ii 000 0 eng d
020 _a9788172290085
082 _a923.2 GAN
100 1 _aGandhi,
_cMahatma,
245 1 3 _aAn autobiography, or, The story of my experiments with truth
_cM.K. Gandhi ; translated from the Gujarati by Mahadev Desai
246 3 0 _aAutiobiography
246 3 0 _aStory of my experiments with truth
264 1 _aAhmedabad :
_bNavajivan Pub. House,
_c2004.
300 _axv, 471 pages ;
_c18 cm
500 _aOriginally published in English under title: The story of my experiments with truth
600 1 0 _aGandhi,
_cMahatma,
650 0 _aStatesmen
_zIndia
_vBiography.
700 1 _aDesai, Mahadev H.
_q(Mahadev Haribhai),
942 _2ddc
_cMAIN
999 _c9138
_d9139